000 00890nam a2200301Ia 4500
001 68416
003 IT-RoPAU
008 130308s9999 xx 000 0 und d
040 _aIT-RoPAU
040 _cIT-RoPAU
041 _aINGLESE
100 _aBurton S.H.
100 _gCodice Aut. SPICS: 23803
245 _aCriticism of Prose (The)
245 _bCriticism Of Prose (The)
250 _a11a ed.
260 _aLONDON
260 _bLongman Group Limited
260 _c1986 [1° Ed.:1973 - Ed.Ling.Originale:1973]
300 _a"152 p. (prefazione: 8; testo: 144 [pagine: 0-0])"
500 _aAnalisi Critica della Prosa Senso tono e intenzione Stile e Sue Funzioni e Suoi Elementi Dizione scelta delle Parole ritmi della Prosa
650 _aSAGGI DI LINGUISTICA
650 _eCodice materia Spics: 3207
942 _cBK
957 _71
999 _c65735
_d65735
999 _bSI
999 _g1